000 00759nam a2200193 i 4500
001 180466
003 ES-MaACL
005 20250903024957.0
008 120606s1972 sp |||| | spa d
080 _a517(043.2)
100 1 _aOrtega Aramburu, Joaquín M.
_9150393
245 1 0 _aMorfismos diferenciales topologicamente lisos
_b: caracterizaciones y aplicaciones /
_cpor Joaquín Mª Ortega Aramburu.
260 _aBarcelona :
_bUniversidad de Barcelona, Secretariado de Publicaciones, Intercambio Científico y Extensión Universitaria,
_c1972.
300 _a19 p., 1 h. ;
_c24 cm.
502 _aResumen de tesis--Universidad Barcelona.
650 0 7 _aAnálisis matemático
_2embne
_99772
852 _aES-MaACL
_jE-15362(59)
999 _c180466
_d180466